Understanding environmental administration and law / (Record no. 6410)
[ view plain ]
| 000 -LEADER | |
|---|---|
| fixed length control field | 00805cam a22002412 4500 |
| 001 - CONTROL NUMBER | |
| control field | 0000003446 |
| 005 - DATE AND TIME OF LATEST TRANSACTION | |
| control field | 20151217151925.0 |
| 008 - FIXED-LENGTH DATA ELEMENTS--GENERAL INFORMATION | |
| fixed length control field | 070507s xx 000 0 eng d |
| 020 ## - INTERNATIONAL STANDARD BOOK NUMBER | |
| International Standard Book Number | 155963474X : |
| Terms of availability | KES GBP 24.95 |
| 040 ## - CATALOGING SOURCE | |
| Original cataloging agency | KABU |
| Transcribing agency | KABU |
| 050 #0 - LIBRARY OF CONGRESS CALL NUMBER | |
| Classification number | KF3775 |
| Item number | .B83 1996 |
| 100 1# - MAIN ENTRY--PERSONAL NAME | |
| Personal name | Buck, Susan J. |
| -- | 0000153382 |
| 245 10 - TITLE STATEMENT | |
| Title | Understanding environmental administration and law / |
| Statement of responsibility, etc. | Susan J. Buck. |
| 250 ## - EDITION STATEMENT | |
| Edition statement | 2nd ed. |
| 260 ## - PUBLICATION, DISTRIBUTION, ETC. (IMPRINT) | |
| Place of publication, distribution, etc. | Washington, DC : |
| Name of publisher, distributor, etc. | Island Press, |
| Date of publication, distribution, etc. | c1996. |
| 300 ## - PHYSICAL DESCRIPTION | |
| Extent | xiv, 225 p. ; |
| Dimensions | 23 cm. |
| 504 ## - BIBLIOGRAPHY, ETC. NOTE | |
| Bibliography, etc | Includes bibliographical references and index. |
| 650 #0 - SUBJECT ADDED ENTRY--TOPICAL TERM | |
| Topical term or geographic name as entry element | Environmental law |
| Geographic subdivision | United States. |
| -- | 0000153383 |
| 650 #0 - SUBJECT ADDED ENTRY--TOPICAL TERM | |
| Topical term or geographic name as entry element | Environmental policy |
| Geographic subdivision | United States. |
| -- | 0000150349 |
| 908 ## - PUT COMMAND PARAMETER (RLIN) | |
| Put command parameter | 070507 |
| 950 ## - LOCAL HOLDINGS (RLIN) | |
| -- | 1 |
| Withdrawn status | Lost status | Source of classification or shelving scheme | Not for loan | Home library | Current library | Date acquired | Total Checkouts | Full call number | Barcode | Date last seen | Price effective from | Koha item type |
|---|---|---|---|---|---|---|---|---|---|---|---|---|
| Library of Congress Classification | Kabarak, Main Campus | Kabarak, Main Campus | 17/12/2015 | KF3775 .B83 1996 | 007558 | 17/12/2015 | 17/12/2015 | General Collection |